000
00300nam a2200121Ia 4500
008
190722s9999 xx 000 0 und d
020
_a
978-93-325-5014-8
100
_a
Chan S.Park
245
0
_a
Contemporary Engineering Economics
260
_a
New delhi
_b
Pearson
_c
2015
300
_a
858
942
_c
BK
999
_c
883
_d
883